Eutanasia y objeción de conciencia.
Salvato in:
| Autore principale: | |
|---|---|
| Altri autori: | , |
| Natura: | Libro |
| Lingua: | inglese |
| Pubblicazione: |
Madrid, España:
Ediciones Palabra,
2022.
|
| Serie: | dBolsillo,
|
| Soggetti: | |
| Tags: |
Aggiungi Tag
Nessun Tag, puoi essere il primo ad aggiungerne!!
|
MARC
| LEADER | 00000nam a22000007a 4500 | ||
|---|---|---|---|
| 003 | CL-VaPUC | ||
| 005 | 20240821121013.0 | ||
| 008 | 230920t2022 ||||| |||| 00| 0 eng d | ||
| 999 | |c 441820 |d 441818 | ||
| 020 | |a 978-84-1368-180-1 | ||
| 040 | |c Pontificia Universidad Católica de Valparaíso | ||
| 082 | |2 22 |a 344.04197 NAV 2022 | ||
| 100 | |9 475788 |a Navarro-Valls, Rafael |e autor | ||
| 245 | |a Eutanasia y objeción de conciencia. | ||
| 260 | |a Madrid, España: |b Ediciones Palabra, |c 2022. | ||
| 300 | |a 159 páginas. | ||
| 490 | |a dBolsillo, |n 928. | ||
| 500 | |a c.1 Donación Sr. Jorge Precht Pizarro. 26-05-23. Biblioteca Teología. | ||
| 583 | |c 20230920 |k Yessy Sthefany Diaz Vidal | ||
| 650 | 0 | |a Eutanasia |x Derecho a morir |x Aspectos legislativos y morales |x Medicina |z España |9 255102 | |
| 650 | 0 | |a Eutanasia |x Objeción y libertad de conciencia |x Profesionales de la salud |x Derecho comparado |9 255102 | |
| 700 | |9 475728 |a Martínez-Torrón, Javier |e autor | ||
| 700 | |9 884675 |a Valero Estarellas, María José |e autora | ||
| 942 | |2 ddc |c BK | ||
| 952 | |0 0 |1 0 |2 ddc |4 0 |6 344_041970000000000_NAV_2022 |7 0 |8 A |9 591622 |a BIBTEO |b BIBTEO |d 2023-09-20 |e Donación |i 5658669 |l 1 |m 1 |o 344.04197 NAV 2022 |p 5658669 |r 2025-01-17 |s 2024-04-11 |t 1 |w 2023-09-20 |y BK |k ICR | ||